000 00399nam a2200169Ia 4500
001 12872
003 IN-NITTTR
005 20251114233120.0
008 251113s9999||||xx |||||||||||||| ||eng||
040 _beng
040 _cIN-NITTTR
041 _aeng
082 _a153.8 B388M
100 _aBeck, Robert C.
245 0 _aMotivation, theories and principles /
_cBeck, Robert C.
942 _2ddc
_cBK
999 _c15508
_d15508